Survey of social education in the district of Kaira (Record no. 157738)
[ view plain ]
| 000 -LEADER | |
|---|---|
| fixed length control field | 00385nam a2200145Ia 4500 |
| 005 - DATE AND TIME OF LATEST TRANSACTION | |
| control field | 20240821160309.0 |
| 008 - FIXED-LENGTH DATA ELEMENTS--GENERAL INFORMATION | |
| fixed length control field | 240821s9999||||xx |||||||||||||| ||und|| |
| 082 ## - DEWEY DECIMAL CLASSIFICATION NUMBER | |
| Classification number | 374.95475 PAT |
| 100 ## - MAIN ENTRY--PERSONAL NAME | |
| Personal name | Patel, N H |
| 245 #0 - TITLE STATEMENT | |
| Title | Survey of social education in the district of Kaira |
| 260 ## - PUBLICATION, DISTRIBUTION, ETC. | |
| Place of publication, distribution, etc. | n.p. |
| Name of publisher, distributor, etc. | Master of education |
| Date of publication, distribution, etc. | 1963 |
| 300 ## - PHYSICAL DESCRIPTION | |
| Extent | 181p. |
| 650 ## - SUBJECT ADDED ENTRY--TOPICAL TERM | |
| Topical term or geographic name entry element | Adult education |
| 942 ## - ADDED ENTRY ELEMENTS (KOHA) | |
| Koha item type | Book |
| Withdrawn status | Lost status | Damaged status | Not for loan | Home library | Current library | Date acquired | Total checkouts | Barcode | Date last seen | Price effective from | Koha item type |
|---|---|---|---|---|---|---|---|---|---|---|---|
| Library and Documentation Division NCERT | Library and Documentation Division NCERT | 08/21/2024 | F15499 | 08/21/2024 | 08/21/2024 | Book |





